Capital cities by picture - Statistics

General Stats
  • This quiz has been taken 154 times
  • The average score is 9 of 12
Answer Stats
Picture Answer % Correct
Rome
97%
Moscow
95%
Berlin
92%
Washington
87%
Amsterdam
83%
Havana
79%
Cape Town
76%
Jerusalem
70%
Bangkok
67%
Abu Dhabi
52%
Ottawa
44%
Dublin
40%
No matching quizzes found
Score Distribution
Percent of People with Each Score
Percentile by Number Answered
Your Score History
You have not taken this quiz